书目信息 |
| 题名: |
数据结构(C++版)
|
|
| 作者: | 喻德旷 , 李光明 , 杨谊 编著 | |
| 分册: | ||
| 出版信息: | 北京 冶金工业出版社 2003.06 |
|
| 页数: | 331页 | |
| 开本: | 20cm | |
| 丛书名: | ||
| 单 册: | ||
| 中图分类: | TP311.12 | |
| 科图分类: | ||
| 主题词: | 软件 | |
| 电子资源: | ||
| ISBN: | 7-5024-3288-4 | |
| 000 | 00664nam0 2200217 45 | |
| 001 | 0437985356 | |
| 005 | 20080229165914.20 | |
| 010 | @a7-5024-3288-4@dCNY 30.00 | |
| 100 | @a20040520d2003 km y0chiy0120 ea | |
| 101 | 0 | @achi |
| 102 | @aCN@b110000 | |
| 200 | 1 | @a数据结构(C++版)@AShu Ju Jie Gou(C++Ban)@f杨谊,喻德旷,李光明编著@FYang Yi,Yu De Kuang,Li Guang Ming Bian Zhu |
| 210 | @a北京@c冶金工业出版社@d2003.06 | |
| 215 | @a331页@d20cm | |
| 606 | 0 | @a软件 |
| 690 | @aTP311.12@v4 | |
| 701 | 0 | @a喻德旷@AYu De Kuang@4编著 |
| 701 | 0 | @a李光明@ALi Guang Ming@4编著 |
| 701 | 0 | @a杨谊@AYang Yi@4编著 |
| 801 | 0 | @aCN@bPFT@c20080229 |
| 905 | @a安徽大学@dTP311.12@eY313 | |
| 数据结构(C++版)/杨谊,喻德旷,李光明编著.-北京:冶金工业出版社,2003.06 |
| 331页;20cm |
| ISBN 7-5024-3288-4:CNY 30.00 |
| ● |
| 相关链接 |
|
|
|
正题名:数据结构(C++版)
索取号:TP311.12/Y313
 
预约/预借
| 序号 | 登录号 | 条形码 | 馆藏地/架位号 | 状态 | 备注 |
| 1 | 376335 | 203763356 | 期刊室512/301自科库 69排1列3层/ [索取号:TP311.12/Y313] | 在馆 | |
| 2 | 376336 | 203763365 | 期刊室512/301自科库 69排1列3层/ [索取号:TP311.12/Y313] | 在馆 | |
| 3 | 478711 | 204787114 | 计算机与数据科学学院资料室/ [索取号:TP311.12/Y313] | 在馆 |